Madách Naptár 1981.

Uložené v:
Podrobná bibliografia
Médium: Kniha
Jazyk:Hungarian
Vydané: Bratislava : Madách, 1985.
ISBN: (brož.)
Fyzický popis: 273 strán ; 24 cm.
Tagy: Pridať tag
Žiadne tagy, Buďte prvý kto otaguje tento záznam!

MARC

LEADER 00000nam a2200000 a 4500
001 000555708
005 20170818202212.0
008 130620s1985 xo e 000 0 hun d
020 |a (brož.)  |c Kčs 25,00 
040 |a SVKKK  |b slo  |c SVKKK  |e AACR2 
041 0 |a hun 
044 |a xo  |c SK 
245 0 0 |a Madách Naptár 1981. 
260 |a Bratislava :  |b Madách,  |c 1985. 
300 |a 273 strán ;  |c 24 cm. 
910 |a svkkk 
998 |a BK 
090 |g SCKHL  |k Sklad Pribinova 1. posch.  |a IV.112727  |j 628513  |i 2720478091  |s Absenčne